Star wars. Poe Dameron. Black Squadron. #2 / ... Read More
Available copies
- 2 of 3 copies available at LARL/NWRL Consortium.
- 2 of 3 copies available at Lake Agassiz Regional Library. (Show preferred library)
Current holds
0 current holds with 3 total copies.
Show Only Available Copies
| Location | Call Number / Copy Notes | Barcode | Shelving Location | Status | Due Date |
|---|---|---|---|---|---|
| Breckenridge Public Library | J G SOU (Text) | 33500012665410 | Main | Available | - |
| Moorhead Public Library | J G SOU (Text) | 33500012665402 | Main | Available | - |
| Moorhead Public Library | J G SOU (Text) | 33500012665428 | Main | Checked out | 07/14/2026 |
Record details
- ISBN: 1532141351
- ISBN: 9781532141355
- Physical Description: 1 volume (unpaged) : colour illustrations.
- Edition: Reinforced library bound edition.
- Publisher: Minneapolis, Minnesota : Spotlight, a division of ABDO, 2018.
- Copyright: ©2018
Content descriptions
| General Note: | "Disney / Lucasfilm." A science fiction story. |
| Summary, etc.: | While exploring the last known location of an ... Read More |
Search for related items by subject
| Subject: | Dameron, Poe (Fictitious character) > Juvenile fiction. Graphic novels > United States. Fighter pilots > Juvenile fiction. Space warfare > Juvenile fiction. |
Search for related items by series
| LDR | 01668nam a2200409Mi 4500 | ||
|---|---|---|---|
| 001 | 282527 | ||
| 003 | LARL_NWRL_CONSORTIUM | ||
| 005 | 20180327200606.0 | ||
| 008 | 161128t20182018mnua j 6 000 1 eng d | ||
| 040 | . | ‡aCNEDM ‡beng ‡erda ‡cCNEDM | |
| 020 | . | ‡a1532141351 ‡q(lib. bdg.) | |
| 020 | . | ‡a9781532141355 ‡q(lib. bdg.) | |
| 035 | . | ‡a(OCoLC)1029620199 | |
| 082 | 0 | 4. | ‡a741.5 ‡223 |
| 100 | 1 | . | ‡aSoule, Charles. ‡0(LARL_NWRL_CONSORTIUM)220980 |
| 245 | 1 | 0. | ‡aStar wars. ‡pPoe Dameron. ‡pBlack Squadron. ‡n#2 / ‡cCharles Soule, writer ; Phil Noto, artist ; VC's Joe Caramagna, letterer. |
| 246 | 3 | 0. | ‡aPoe Dameron. ‡pBlack Squadron. ‡nVolume 2 |
| 246 | 3 | 0. | ‡aBlack Squadron. ‡nVolume 2 |
| 250 | . | ‡aReinforced library bound edition. | |
| 264 | 1. | ‡aMinneapolis, Minnesota : ‡bSpotlight, a division of ABDO, ‡c2018. | |
| 264 | 4. | ‡c©2018 | |
| 300 | . | ‡a1 volume (unpaged) : ‡bcolour illustrations. | |
| 336 | . | ‡atext ‡2rdacontent | |
| 336 | . | ‡astill image ‡2rdacontent | |
| 337 | . | ‡aunmediated ‡2rdamedia | |
| 338 | . | ‡avolume ‡2rdacarrier | |
| 490 | 0 | . | ‡aStar Wars. Poe Dameron. Black squadron ; ‡v2 |
| 500 | . | ‡a"Disney / Lucasfilm." | |
| 500 | . | ‡aA science fiction story. | |
| 520 | . | ‡aWhile exploring the last known location of an explorer, Poe is trapped in a cavern underneath the surface when First Order intelligence officer Agent Terex corners him, while a fleet of TIEs engage the rest of Black Squadron in a deadly aerial battle. | |
| 600 | 1 | 0. | ‡aDameron, Poe ‡c(Fictitious character) ‡vJuvenile fiction. |
| 650 | 0. | ‡aGraphic novels ‡zUnited States. | |
| 650 | 0. | ‡aFighter pilots ‡vJuvenile fiction. | |
| 650 | 0. | ‡aSpace warfare ‡vJuvenile fiction. | |
| 700 | 1 | . | ‡aNoto, Phil. |
| 700 | 1 | . | ‡aCaramagna, Joe. ‡0(LARL_NWRL_CONSORTIUM)214378 |
| 901 | . | ‡a282527 ‡b ‡c282527 ‡tbiblio | |

Add to basket
Permalink
Disable Highlighting